Medical writing ; the technic and the art.

Bibliographic Details
Main Author: Fishbein, Morris, 1889-1976
Format: Book
Language:English
Published: Springfield, Ill. : Thomas, [1972]
Edition:4th ed.
Subjects:

MARC

Tag First Indicator Second Indicator Subfields
LEADER 00000cam a2200000 4500
001 in00000334113
005 20151011054851.0
008 720403s1972 ilua b 00100 eng
010 |a  73165883  
020 |a 0398022798  |c $9.75 
035 |a (OCoLC)00286749 
035 |9 ABM1499AM 
040 |a DLC  |c DLC  |d OKO  |d TXA  |d UtOrBLW 
049 |a TXAM  |c 2 [1205152] 
050 0 0 |a R119  |b .F55 1972 
060 0 |a WZ 345 F532m 1972 
082 0 |a 808/.066/61021 
100 1 |a Fishbein, Morris,  |d 1889-1976. 
245 1 0 |a Medical writing ;  |b the technic and the art. 
250 |a 4th ed. 
264 1 |a Springfield, Ill. :  |b Thomas,  |c [1972] 
300 |a xi, 203 pages :  |b illustrations ;  |c 24 cm. 
336 |a text  |b txt  |2 rdacontent 
337 |a unmediated  |b n  |2 rdamedia 
338 |a volume  |b nc  |2 rdacarrier 
504 |a Includes bibliographical references. 
650 0 |a Medical writing. 
650 2 |a Writing. 
999 |a MARS 
999 f f |s 566c901e-2da4-3ea2-907e-57ea13f11d30  |i fa769991-97b1-3d10-8fbd-49682304e3a4  |t 0 
952 f f |p ric  |a Texas A&M University  |b Rellis Campus  |c Joint Library Facility  |d Remote Storage  |t 0  |e R119 .F55 1972  |h Library of Congress classification  |i unmediated -- volume  |m A14805051574 
998 f f |a R119 .F55 1972  |t 0  |l Remote Storage